Report on the symposium of the IAG sub-commission for Europe (EUREF) (Record no. 107228)

MARC details
000 -LEADER
fixed length control field 00425cam a22001575a 4500
001 - CONTROL NUMBER
control field L138685
008 - FIXED-LENGTH DATA ELEMENTS--GENERAL INFORMATION
fixed length control field 070703s2006 xxk f 000 0 eng d
020 ## - INTERNATIONAL STANDARD BOOK NUMBER
International Standard Book Number 3898887995
035 ## - SYSTEM CONTROL NUMBER
System control number (Sirsi) u138685
041 0# - LANGUAGE CODE
Language code of text/sound track or separate title eng
110 2# - MAIN ENTRY--CORPORATE NAME
Corporate name or jurisdiction name as entry element International Association of Geodesy
9 (RLIN) 445
245 00 - TITLE STATEMENT
Title Report on the symposium of the IAG sub-commission for Europe (EUREF)
260 ## - PUBLICATION, DISTRIBUTION, ETC.
Date of publication, distribution, etc. 2006
651 #4 - SUBJECT ADDED ENTRY--GEOGRAPHIC NAME
Geographic name ENGLAND AND WALES
942 ## - ADDED ENTRY ELEMENTS (KOHA)
Suppress in OPAC 0

No items available.